000 01114nam a2200253Ia 4500
003 Ost
005 20260507075401.0
008 260507s9999||||xx |||||||||||||| ||und||
020 _a2363899579
040 _cfsecg
041 _aara
082 _a600
100 _aالرحيمي، سالم أحمد
_eمؤلف
245 0 _aمبادئ التسويق /
_c سالم أحمد الرحيمي
260 _aعمان:
_bدار جرير للنشر والتوزيع,
_c2013
300 _a260 صفحة؛
_bإيضاحات ؛
_c25 سم
520 _aيضم مقدمة في التسويق، البيئة التسويقية، المعلومات التسويقية، سلوك المشتري، تقسيم السوق، المنتجات، السعر، الترويج، قنوات التوزيع، التسويق الإلكتروني، التسويق الدولي
653 _aإدارة الأعمال
653 _aأدارة المبيعات
653 _aالتسويق
653 _aالتسويق الدولي
700 _aأبو دلبوح، محمود عقل
_eمؤلف ثانوي
942 _cكتاب
999 _c44276
_d44276